Name Every Pretty Cure - Statistics

General Stats
  • This quiz has been taken 55 times
    46 since last reset
  • The average score is 74 of 93
Answer Stats
Hint Answer % Correct
DokiDoki Pretty Cure Cure Ace
97%
Futari Wa Pretty Cure Cure Black
97%
Smile Pretty Cure! Cure Happy
97%
Smile Pretty Cure! Cure Peace
97%
Futari Wa Pretty Cure Cure White
97%
Smile Pretty Cure! Cure Beauty
94%
DokiDoki Pretty Cure Cure Diamond
94%
DokiDoki Pretty Cure Cure Heart
94%
Smile Pretty Cure! Cure March
94%
Smile Pretty Cure! Cure Sunny
94%
DokiDoki Pretty Cure Cure Sword
94%
HeartCatch Pretty Cure Cure Blossom
90%
You and Idol Pretty Cure♪ Cure Idol
90%
Yes! Pretty Cure 5 Cure Lemonade
90%
HeartCatch Pretty Cure Cure Marine
90%
Suite Pretty Cure♪ Cure Melody
90%
Yes! Pretty Cure 5 Cure Mint
90%
HeartCatch Pretty Cure Cure Moonlight
90%
HUGtto! Pretty Cure Cure Yell
90%
Futari Wa Pretty Cure: Max Heart Shiny Luminous
90%
Yes! Pretty Cure 5 Cure Aqua
87%
Suite Pretty Cure♪ Cure Beat
87%
KiraKira☆Pretty Cure a la Mode Cure Chocolat
87%
Yes! Pretty Cure 5 Cure Dream
87%
Futari Wa Pretty Cure: Splash Star Cure Egret
87%
KiraKira☆Pretty Cure a la Mode Cure Macaron
87%
Go! Princess Pretty Cure Cure Mermaid
87%
Suite Pretty Cure♪ Cure Rhythm
87%
Yes! Pretty Cure 5 Cure Rouge
87%
Hirogaru Sky! Pretty Cure Cure Sky
87%
Star☆Twinkle Pretty Cure Cure Star
87%
Wonderful Pretty Cure! Cure Wonderful
87%
Go! Princess Pretty Cure Cure Flora
84%
You and Idol Pretty Cure♪ Cure Kyun-Kyun
84%
HUGtto! Pretty Cure Cure Macherie
84%
HeartCatch Pretty Cure Cure Sunshine
84%
Go! Princess Pretty Cure Cure Twinkle
84%
Hirogaru Sky! Pretty Cure Cure Wing
84%
Yes! Pretty Cure 5 GoGo! Milky Rose
84%
Star☆Twinkle Pretty Cure Cure Cosmo
81%
KiraKira☆Pretty Cure a la Mode Cure Custard
81%
You and Idol Pretty Cure♪ Cure Kiss
81%
Mahou Girls Pretty Cure! Cure Magical
81%
Star☆Twinkle Pretty Cure Cure Milky
81%
Fresh Pretty Cure! Cure Passion
81%
Fresh Pretty Cure! Cure Peach
81%
Fresh Pretty Cure! Cure Pine
81%
HappinessCharge Pretty Cure! Cure Princess
81%
Hirogaru Sky! Pretty Cure Cure Prism
81%
DokiDoki Pretty Cure Cure Rosetta
81%
HUGtto! Pretty Cure Cure Amour
77%
Fresh Pretty Cure! Cure Berry
77%
Hirogaru Sky! Pretty Cure Cure Butterfly
77%
KiraKira☆Pretty Cure a la Mode Cure Gelato
77%
Suite Pretty Cure♪ Cure Muse
77%
Go! Princess Pretty Cure Cure Scarlet
77%
KiraKira☆Pretty Cure a la Mode Cure Whip
77%
You and Idol Pretty Cure♪ Cure Wink
77%
HUGtto! Pretty Cure Cure Ange
74%
Futari Wa Pretty Cure: Splash Star Cure Bloom
74%
HUGtto! Pretty Cure Cure Etoile
74%
Mahou Girls Pretty Cure! Cure Felice
74%
Healin' Good♡Pretty Cure Cure Grace
74%
Tropical-Rouge! Pretty Cure Cure La Mer
74%
Mahou Girls Pretty Cure! Cure Miracle
74%
Tropical-Rouge! Pretty Cure Cure Papaya
74%
KiraKira☆Pretty Cure a la Mode Cure Parfait
74%
Star☆Twinkle Pretty Cure Cure Soleil
74%
Futari Wa Pretty Cure: Splash Star Cure Windy
74%
Star Detective Pretty Cure! Cure Answer
71%
Healin' Good♡Pretty Cure Cure Earth
71%
Tropical-Rouge! Pretty Cure Cure Flamingo
71%
HappinessCharge Pretty Cure! Cure Lovely
71%
Hirogaru Sky! Pretty Cure Cure Majesty
71%
Star☆Twinkle Pretty Cure Cure Selene
71%
Tropical-Rouge! Pretty Cure Cure Summer
71%
Futari Wa Pretty Cure: Splash Star Cure Bright
68%
Wonderful Pretty Cure! Cure Friendy
68%
HappinessCharge Pretty Cure! Cure Honey
68%
Star Detective Pretty Cure! Cure Mystique
68%
Wonderful Pretty Cure! Cure Nyammy
68%
Delicious Party♡Pretty Cure Cure Yum-Yum
68%
You and Idol Pretty Cure♪ Cure Zukyoon
68%
Star Detective Pretty Cure! Cure Arcana Shadow
65%
Healin' Good♡Pretty Cure Cure Fontaine
65%
HappinessCharge Pretty Cure! Cure Fortune
65%
Wonderful Pretty Cure! Cure Lillian
65%
Delicious Party♡Pretty Cure Cure Spicy
65%
Tropical-Rouge! Pretty Cure Cure Coral
61%
Star Detective Pretty Cure! Cure Eclair
61%
Delicious Party♡Pretty Cure Cure Finale
61%
Delicious Party♡Pretty Cure Cure Precious
61%
Healin' Good♡Pretty Cure Cure Sparkle
61%
No matching quizzes found
Score Distribution
Percent of People with Each Score
Percentile by Number Answered
Your Score History
You have not taken this quiz since the last reset